000 01456nam a2200409 c 4500
999 _c51645
_d51645
001 51645
003 ES-MaCES
005 20241011120303.0
008 201217s2020 sp | 000 | spa d
017 _aGR 484-2020
_bDL
020 _a9788490459744
040 _aES-MaCES
_bspa
_cES-MaCES
100 1 _aOrtega Lozano, Pompeyo Gabriel
_938656
245 1 0 _aPoderes empresariales y resolución del contrato de trabajo por incumplimiento del trabajador
_b: España e Italia
_cPompeyo Gabriel Ortega Lozano
260 _aGranada
_bComares
_c2020
300 _aXVIII, 392 p.
_c24 cm
490 1 _aColección Trabajo y Seguridad Social
_v126
490 1 _aBiblioteca Comares de ciencia jurídica
504 _aBibliografía: p. [369]-392
541 _cCompra
650 4 _asuspensión del contrato de trabajo
_930703
650 4 _adespido
_928352
650 4 _adisciplina
_928210
650 4 _apoder empresarial
_930600
650 4 _aactitud de la dirección
_928371
650 4 _aderechos de los trabajadores
_929924
650 4 _aderecho del trabajo
_927165
650 4 _aderecho comparado
_929868
650 4 _aEspaña
_926964
650 4 _aItalia
_926952
650 4 _arégimen jurídico
_929894
653 1 0 _aDerecho del trabajo y Seguridad Social
830 0 _aColección Trabajo y Seguridad Social
_v126
_933762
830 0 _aBiblioteca Comares de ciencia jurídica
_932174
902 _aLIB Libro
942 _2CES
_cBK
_h6.0.1.